| 000 | 00946nam a22002537a 4500 | ||
|---|---|---|---|
| 005 | 20120418120923.0 | ||
| 008 | 120418t xxu||||| |||| 00| 0 eng d | ||
| 010 | _aENG-105018 | ||
| 020 |
_a9788178002132 _c325.00 |
||
| 035 | _aEN-88551 | ||
| 037 | _bDBAD/PUB | ||
| 040 |
_aDPL _bEng |
||
| 082 | _a620.00151 | ||
| 100 |
_945189 _aRao, P.B. Bhaskar |
||
| 245 |
_aEngineering mathematics-I / _cby P.B. Bhaskar Rao, S.K.V.S. Sriamachary [and] M. Bhujanga Rao |
||
| 250 | _a2nd rev. ed | ||
| 260 |
_aHyderabad _bBS Publications _c2011(repr.) |
||
| 270 |
_a4-4-309, Giriraj Lane, Sultan Bazar _bHyderabad _e500095 |
||
| 300 |
_axv,1022p. _c24cm(pbk) |
||
| 700 |
_aSriramachary, S.K.V.S _945280 |
||
| 700 |
_aRao, M. Bhujanga _945283 |
||
| 942 |
_2ddc _cEN _h620.00151 _mRAO |
||
| 999 |
_c65201 _d65201 |
||